| 000 | 00512nam a2200169Ia 4500 | ||
|---|---|---|---|
| 008 | 121109t2008 xxu||||| |||| 00| 0 sin d | ||
| 041 | _asin | ||
| 080 |
_aX8S1 _bWIK |
||
| 100 | _aMallika Wikkramasooriya | ||
| 245 | _aවරුවක් පුරා විත්තිය ඉකි බින්දාය | ||
| 246 | _aVaruvak Pura Viththiya Ikibindaya | ||
| 260 |
_bAriya Prakashakayo _aWrakapola _c2008 |
||
| 300 | _b32p., 18 cm | ||
| 942 | _cBK | ||
| 999 |
_c76487 _d76487 |
||
| 003 | LK-CoDNM | ||
| 040 |
_aLK-CoDNM _dLK-CoDNM _eLK-CoDNM |
||